Statistics for County Seats of Arizona

Click here to take the quiz!

General Stats

  • This quiz has been taken 226 times
  • The average score is 9 of 15

Answer Stats

CountyCounty Seat% Correct
PimaTucson
87%
MaricopaPhoenix
86%
YumaYuma
86%
CoconinoFlagstaff
79%
Santa CruzNogales
69%
YavapaiPrescott
66%
MohaveKingman
58%
PinalFlorence
50%
CochiseBisbee
48%
GilaGlobe
48%
ApacheSt. Johns
46%
NavajoHolbrook
39%
La PazParker
39%
GrahamSafford
38%
GreenleeClifton
37%

Score Distribution

Percentile by Number Answered

Percent of People with Each Score

Your Score History

You have not taken this quiz